Send money abroad with more confidence /

Bibliographic Details
Format: Government Document eBook
Language:English
Published: [Washington, D.C.] : Consumer Financial Protection Bureau, 2021.
Subjects:
Online Access:https://purl.fdlp.gov/GPO/gpo183454

MARC

Tag First Indicator Second Indicator Subfields
LEADER 00000cam a2200000 i 4500
001 in00004593708
006 m o d f
007 cr |||||||||||
008 220811s2021 dcua o f000 0 eng c
005 20221217192053.1
035 |a (OCoLC)on1340668183 
040 |a GPO  |b eng  |e rda  |e pn  |c GPO  |d GPO  |d OCLCF  |d GPO  |d MvI 
042 |a pcc 
043 |a n-us--- 
049 |a WWW 
074 |a 0443-G (online) 
086 0 |a FR 2.2:M 74/9/2021  |z FR 2.2:M 74/21 
245 0 0 |a Send money abroad with more confidence /  |c Consumer Financial Protection Bureau. 
264 1 |a [Washington, D.C.] :  |b Consumer Financial Protection Bureau,  |c 2021. 
300 |a 1 online resource (2 pages) :  |b color illustration 
336 |a text  |b txt  |2 rdacontent 
337 |a computer  |b c  |2 rdamedia 
338 |a online resource  |b cr  |2 rdacarrier 
500 |a "11/2021"--Page 2. 
500 |a GPO Cataloging Record Distribution Program (CRDP). 
588 |a Description based on online resource, PDF version; title from caption (CFPB, viewed June 15, 2022). 
650 0 |a Electronic funds transfers  |z United States. 
650 0 |a Electronic funds transfers  |x Standards  |z United States. 
650 7 |a Electronic funds transfers.  |2 fast  |0 (OCoLC)fst00907204 
650 7 |a Electronic funds transfers  |x Standards.  |2 fast  |0 (OCoLC)fst00907223 
651 7 |a United States.  |2 fast  |0 (OCoLC)fst01204155 
710 1 |a United States.  |b Consumer Financial Protection Bureau,  |e issuing body. 
776 0 8 |i Print version:  |t Send money abroad with more confidence  |w (OCoLC)1340668826 
856 4 0 |u https://purl.fdlp.gov/GPO/gpo183454  |t 0 
999 f f |s 3d83de46-0830-43c4-8253-b324928dceaa  |i db836713-bd8b-4daa-8ab4-314fe9b0de2b  |t 0 
952 f f |a Texas A&M University  |b College Station  |c Electronic Resources  |d Available Online  |t 0  |e FR 2.2:M 74/21  |h Superintendent of Documents classification 
998 f f |a FR 2.2:M 74/21  |t 0  |l Available Online